| 000 | 00427nam a2200157Ia 4500 | ||
|---|---|---|---|
| 008 | 220803s9999 xx 000 0 und d | ||
| 020 | _a978-81-89975-65-4 | ||
| 041 | _aeng | ||
| 082 | _aMOD | ||
| 100 |
_aModak T _927814 |
||
| 245 | _aPrivate-Eye Anonymous : A Graphic Novel The Art Gallery Case | ||
| 260 |
_aChennai _bWestland Ltd _c2008 |
||
| 300 | _a86p | ||
| 650 |
_aEnglish Literature _927815 |
||
| 700 |
_aModak T _927814 |
||
| 999 |
_c17726 _d17726 |
||